00264nam a2200097Ia 4500008004100000020001700041245005900058260001800117260001100135300002000146191206s9999 xx 000 0 und d a089281408X : 0anature of things: the secret life of inanimate objects aDestiny Books ccc1992 a255 p. ; 23 cm.